| 000 | 01065cpcaa2200289 4500 | ||
|---|---|---|---|
| 001 | mm 79000488 | ||
| 003 | DLC | ||
| 005 | 20260227111631.0 | ||
| 008 | 790403|||||||||||| eng | ||
| 010 | _amm 79000488 | ||
| 040 |
_aDLC _cDLC _edacs _dDLC |
||
| 072 | 7 |
_aG _2lcmd |
|
| 100 | 1 |
_aChild, Lydia Maria, _d1802-1880. |
|
| 245 | 0 | 0 |
_aLydia Maria Francis Child correspondence, _f1856-1876. |
| 300 |
_a26 _fitems. |
||
| 506 | 0 | _aOpen to research. | |
| 520 | 8 | _aLetters (1856 December 2-1876 January 25) from Child to John Greenleaf Whittier and others. | |
| 545 | 0 | _aAuthor. | |
| 546 | _aCollection material in English. | ||
| 580 | _aForms part of: Miscellaneous Manuscripts collection. | ||
| 600 | 1 | 0 |
_aWhittier, John Greenleaf, _d1807-1892 _vCorrespondence. |
| 656 | 7 |
_aAuthors. _2itoamc |
|
| 999 |
_c40426 _d40426 |
||